00589 2200193 4500001002100000005001500021035002000036007000300056008003900059082001100098084001800109100003000127245009900157260004500256300004100301650001100342600002900353022001300382INLIS00000000000130020250429085119 a0010-0425000032ta250429 | | |  a634.77 a634.77 JOS a0 aJoshva DevadasThiagarajan1 aAnalysis of banana plant health using machine learning techniques /cJoshva DevadasThiagarajan aLondon :bNature Publishing Group,c2024 a1-14 hlm, :bIlus ;c21 cm x 29,7 cm 4aJurnal 4akesehatan tanaman pisang a20452322